• 首页
  • 本馆介绍
  • 公告通知
  • 最新文献
  • 馆藏检索
  • 电子资源
  • 读者导购
  • 参考咨询
  • 我的图书馆
  • 登录
  • 详细信息显示
  • 放入我的书架
  • 预约/预借图书
  • 作者相关作品
  • 分类相关作品
  • 丛书相关作品
  • 出版社相关作品

书目信息

  • 表格格式
  • 工作单格式
  • 卡片格式
题名:
天然药物化学实验指导
    
 
作者: 裴月湖
分册:  
出版信息: 北京   人民卫生出版社  2016
页数: 333
开本: 26cm
丛书名:
单 册:
中图分类: R91
科图分类:
主题词: 药物学:基础理论
电子资源:
ISBN:
000 00507nam0 2200169 450
001 1735965424
005 20170410095925.42
100    @a20170410d km y0chiy0120 ea
101 0  @achi
200 1  @a天然药物化学实验指导@Atian ran yao wu hua xue shi yan zhi dao@f裴月湖@Fpei yue hu
210    @a北京@c人民卫生出版社@d2016
215    @a333@d26cm
606 0  @a药物学:基础理论
690    @aR91@v4
701  0 @a裴月湖@Apei yue hu
801  0 @aCN@b大连网信软件有限公司图书馆·11@c20170410
905    @b6604723@dR91@en8@f1
    
    天然药物化学实验指导/裴月湖.-北京:人民卫生出版社,2016
    333;26cm
    
    
    ISBN :
    
●
相关链接 在E读中查询图书 在五车中查询图书 在当当中查询图书 在豆瓣中查询图书


正题名:天然药物化学实验指导     索取号:R91/n8         预约/预借

序号 登录号 条形码 馆藏地/架位号 状态 备注
1 6604723   266047235   密集书库-生命科学系/ [索取号:R91/n8] 在馆    
唐山师范学院图书馆 欢迎您!
大连网信软件有限公司© 版权所有